[Event "15. Obert Int. Sant Martí 2013 - B"]
[Site "Barcelona ESP"]
[Date "2013.07.17"]
[Round "5.11"]
[White "Perez Garcia, Jose Miguel"]
[Black "Vigier Lopez, Carlos"]
[Result "1-0"]
[WhiteElo "1950"]
[BlackElo "1830"]
[PlyCount "127"]
[EventDate "2013.07.13"]
[EventType "swiss"]
[EventRounds "9"]
[EventCountry "ESP"]
[SourceTitle "Ajedrez en Madrid"]
[Source "lmi"]
[SourceDate "2013.07.13"]
[SourceVersion "1"]
[SourceVersionDate "2019.06.21"]
[SourceQuality "1"]

1. Nf3 Nc6 2. d4 d5 3. Bf4 Bf5 4. e3 e6 5. c3 Nf6 6. Bb5 a6 7. Bxc6+ bxc6 8.
Qa4 Bd6 9. Qxc6+ Ke7 10. Ne5 Rb8 11. Qxa6 Bxe5 12. Bxe5 Nd7 13. Bg3 Rb6 14. Qa7
Qb8 15. Qxb8 Rbxb8 16. b3 Rb7 17. Nd2 c5 18. O-O Ra8 19. f3 Ra3 20. e4 dxe4 21.
Nxe4 Bxe4 22. fxe4 cxd4 23. cxd4 Rba7 24. Be1 Rxa2 25. Bb4+ Ke8 26. Bc3 Nf6 27.
Rxa2 Rxa2 28. Re1 Rc2 29. Ba5 Kd7 30. b4 Kc6 31. h3 Nd7 32. d5+ Kd6 33. b5 Rb2
34. e5+ Kc5 35. dxe6 fxe6 36. Rf1 Rxb5 37. Bc7 Kc6 38. Bd6 Nxe5 39. Bf8 Rb7 40.
Rc1+ Kd5 41. Rd1+ Ke4 42. Bd6 Nd3 43. Ra1 Rd7 44. Ra4+ Ke3 45. Bb8 Rb7 46. Ba7+
Kd2 47. Bd4 Rb1+ 48. Kh2 e5 49. Ra2+ Kd1 50. Bc3 e4 51. Rd2+ Kc1 52. Re2 Rb3
53. Bxg7 Nc5 54. Bd4 Kd1 55. Ra2 Nd3 56. Ra7 Rb4 57. Be3 Ke2 58. Bh6 e3 59.
Bxe3 Kxe3 60. Rxh7 Rb2 61. Kg3 Ne5 62. h4 Rb4 63. Kh3 Kf2 64. h5 1-0

[Event "15. Obert Int. Sant Martí 2013 - B"]
[Site "Barcelona ESP"]
[Date "2013.07.17"]
[Round "5.12"]
[White "Millan Hernandez, Marc"]
[Black "Aprea, Daniele"]
[Result "1/2-1/2"]
[WhiteElo "1806"]
[BlackElo "1945"]
[PlyCount "57"]
[EventDate "2013.07.13"]
[EventType "swiss"]
[EventRounds "9"]
[EventCountry "ESP"]
[SourceTitle "Ajedrez en Madrid"]
[Source "lmi"]
[SourceDate "2013.07.13"]
[SourceVersion "1"]
[SourceVersionDate "2019.06.21"]
[SourceQuality "1"]

1. e4 e6 2. d4 d5 3. Nd2 Nc6 4. Ngf3 Nf6 5. e5 Nd7 6. c3 f6 7. exf6 Qxf6 8. Bd3
Bd6 9. Nf1 h6 10. Ne3 Qf7 11. Ng4 e5 12. Ngxe5 Ndxe5 13. dxe5 Nxe5 14. Nxe5
Bxe5 15. Be3 Bf5 16. Qa4+ Qd7 17. Qxd7+ Bxd7 18. Bg6+ Ke7 19. O-O-O c6 20. Bc5+
Kf6 21. Bc2 Bf5 22. Rhe1 Bxc2 23. Kxc2 Rhe8 24. g3 b6 25. Be3 Kf7 26. f4 Bf6
27. Bf2 Rxe1 28. Rxe1 Re8 29. Rxe8 1/2-1/2

[Event "15. Obert Int. Sant Martí 2013 - B"]
[Site "Barcelona ESP"]
[Date "2013.07.17"]
[Round "5.13"]
[White "Alfara Ayllon, Jose Luis"]
[Black "Lozano Diaz, Antoni"]
[Result "0-1"]
[WhiteElo "1940"]
[BlackElo "1846"]
[PlyCount "68"]
[EventDate "2013.07.13"]
[EventType "swiss"]
[EventRounds "9"]
[EventCountry "ESP"]
[SourceTitle "Ajedrez en Madrid"]
[Source "lmi"]
[SourceDate "2013.07.13"]
[SourceVersion "1"]
[SourceVersionDate "2019.06.21"]
[SourceQuality "1"]

1. e4 c6 2. d4 d5 3. e5 c5 4. c3 Nc6 5. Be2 cxd4 6. cxd4 Qb6 7. Nf3 Bg4 8. O-O
e6 9. Be3 Nge7 10. Nbd2 Nf5 11. h3 Bxf3 12. Nxf3 Be7 13. Qd2 O-O 14. Bd3 Nxe3
15. Qxe3 Rfc8 16. a3 Na5 17. Nd2 h6 18. Rab1 Bg5 19. f4 Be7 20. Qf2 Nc6 21. Nf3
Nxd4 22. Kh1 Nxf3 23. Qxf3 f5 24. exf6 Bxf6 25. f5 Rf8 26. fxe6 Qxe6 27. Rbe1
Qd7 28. Bf5 Qb5 29. Qh5 Rfe8 30. Qg6 Re5 31. Qh7+ Kf7 32. Bg6+ Ke7 33. Rxf6
Rxe1+ 34. Kh2 Kxf6 0-1

[Event "15. Obert Int. Sant Martí 2013 - B"]
[Site "Barcelona ESP"]
[Date "2013.07.17"]
[Round "5.14"]
[White "Peiron Lluch, Jose Daniel"]
[Black "Riera Danes, Manel"]
[Result "0-1"]
[WhiteElo "1798"]
[BlackElo "1930"]
[PlyCount "58"]
[EventDate "2013.07.13"]
[EventType "swiss"]
[EventRounds "9"]
[EventCountry "ESP"]
[SourceTitle "Ajedrez en Madrid"]
[Source "lmi"]
[SourceDate "2013.07.13"]
[SourceVersion "1"]
[SourceVersionDate "2019.06.21"]
[SourceQuality "1"]

1. e4 c5 2. Nc3 Nc6 3. f4 g6 4. Nf3 Bg7 5. Bc4 e6 6. O-O Nge7 7. d3 O-O 8. Qe1
d5 9. Bb3 Na5 10. a4 Nxb3 11. cxb3 Nc6 12. f5 d4 13. f6 Bxf6 14. Ne2 e5 15. Qg3
Bg7 16. h4 h5 17. Bg5 Qe8 18. Rac1 b6 19. Bd2 a5 20. Qe1 Ba6 21. g4 hxg4 22.
Nh2 Bc8 23. h5 gxh5 24. Qh4 f5 25. Ng3 f4 26. Nxh5 Qd8 27. Qxd8 Rxd8 28. Nxg7
Kxg7 29. Kg2 Be6 0-1

[Event "15. Obert Int. Sant Martí 2013 - B"]
[Site "Barcelona ESP"]
[Date "2013.07.17"]
[Round "5.16"]
[White "Diaz Nieto, Alberto"]
[Black "Albert Cristobal, Jorge"]
[Result "1-0"]
[WhiteElo "1918"]
[BlackElo "1802"]
[PlyCount "65"]
[EventDate "2013.07.13"]
[EventType "swiss"]
[EventRounds "9"]
[EventCountry "ESP"]
[SourceTitle "Ajedrez en Madrid"]
[Source "lmi"]
[SourceDate "2013.07.13"]
[SourceVersion "1"]
[SourceVersionDate "2019.06.21"]
[SourceQuality "1"]

1. d4 Nf6 2. c4 e5 3. dxe5 Ng4 4. e4 Nxe5 5. f4 Nec6 6. Be3 Na6 7. Nc3 Bc5 8.
Qd2 d6 9. a3 Na5 10. Rd1 Bg4 11. Be2 Nb3 12. Qd3 Bxe3 13. Qxe3 Nac5 14. Bxg4
Qh4+ 15. Qg3 Qh6 16. Nge2 O-O 17. O-O Rfe8 18. e5 Rf8 19. exd6 cxd6 20. Nd5
Rae8 21. Nec3 f5 22. Bf3 Kh8 23. Rfe1 Ne6 24. Nb5 Rd8 25. Ndc3 Nxf4 26. Bxb7
Rf6 27. Nd5 Nxd5 28. Rxd5 Nd2 29. Nxd6 Rdf8 30. Rxf5 Ne4 31. Bxe4 Rxf5 32. Nxf5
Qb6+ 33. Kh1 1-0

[Event "15. Obert Int. Sant Martí 2013 - B"]
[Site "Barcelona ESP"]
[Date "2013.07.17"]
[Round "5.17"]
[White "Roig Ruiz, Carles"]
[Black "Dominguez Carnero, Javier"]
[Result "0-1"]
[WhiteElo "1798"]
[BlackElo "1913"]
[PlyCount "88"]
[EventDate "2013.07.13"]
[EventType "swiss"]
[EventRounds "9"]
[EventCountry "ESP"]
[SourceTitle "Ajedrez en Madrid"]
[Source "lmi"]
[SourceDate "2013.07.13"]
[SourceVersion "1"]
[SourceVersionDate "2019.06.21"]
[SourceQuality "1"]

1. d4 Nf6 2. c4 e6 3. Nc3 b6 4. e4 Bb7 5. Bd3 Bb4 6. Qe2 d6 7. a3 Bxc3+ 8. bxc3
Nbd7 9. f4 e5 10. Nh3 Qe7 11. Nf2 O-O-O 12. g4 Rhe8 13. g5 Ng8 14. h4 exf4 15.
Qg4 Qe6 16. Qxf4 f5 17. Rh3 fxe4 18. Re3 Rf8 19. Qg3 Rf3 20. Rxf3 exf3+ 21. Kf1
g6 22. Bd2 Qf7 23. Re1 Ba6 24. d5 Nc5 25. Re3 Rf8 26. Qg4+ Kb7 27. Qd4 Qd7 28.
Bc2 Qf7 29. Bd1 Ne7 30. Rxf3 Nf5 31. Qg4 Qxd5 32. Qf4 Qxc4+ 33. Qxc4 Bxc4+ 34.
Kg1 Re8 35. Rf4 Bd5 36. Ng4 Nd7 37. h5 Bc6 38. hxg6 hxg6 39. Kf2 Ne5 40. Bc2
Bd7 41. Nf6 Rf8 42. Nd5 Rh8 43. Ne3 Rh2+ 44. Ke1 Nxe3 0-1

[Event "15. Obert Int. Sant Martí 2013 - B"]
[Site "Barcelona ESP"]
[Date "2013.07.17"]
[Round "5.18"]
[White "Garcia Punzano, Josep Lluis"]
[Black "Navarro Gutierrez, Andres Camilo"]
[Result "0-1"]
[WhiteElo "1744"]
[BlackElo "1909"]
[PlyCount "48"]
[EventDate "2013.07.13"]
[EventType "swiss"]
[EventRounds "9"]
[EventCountry "ESP"]
[SourceTitle "Ajedrez en Madrid"]
[Source "lmi"]
[SourceDate "2013.07.13"]
[SourceVersion "1"]
[SourceVersionDate "2019.06.21"]
[SourceQuality "1"]

1. d4 d5 2. Nf3 Nf6 3. Bf4 c5 4. dxc5 e6 5. Nbd2 Bxc5 6. e3 Nc6 7. Bd3 h6 8. h3
Qe7 9. O-O e5 10. Bb5 exf4 11. exf4 O-O 12. Re1 Qc7 13. Nb3 Bd6 14. Bxc6 bxc6
15. Ne5 Re8 16. Qd4 c5 17. Qe3 d4 18. Qd2 Bb7 19. Na5 Ne4 20. Rxe4 Bxe4 21.
Nac4 f6 22. Nxd6 Qxd6 23. Nc4 Qd5 24. Ne3 dxe3 0-1

[Event "15. Obert Int. Sant Martí 2013 - B"]
[Site "Barcelona ESP"]
[Date "2013.07.17"]
[Round "5.19"]
[White "Julia Yebra, David"]
[Black "Delgado Lozano, Ignacio Maria"]
[Result "1/2-1/2"]
[WhiteElo "1873"]
[BlackElo "1765"]
[PlyCount "95"]
[EventDate "2013.07.13"]
[EventType "swiss"]
[EventRounds "9"]
[EventCountry "ESP"]
[SourceTitle "Ajedrez en Madrid"]
[Source "lmi"]
[SourceDate "2013.07.13"]
[SourceVersion "1"]
[SourceVersionDate "2019.06.21"]
[SourceQuality "1"]

1. c4 c6 2. Nc3 Nf6 3. g3 g6 4. Bg2 Bg7 5. d4 d5 6. cxd5 cxd5 7. e3 Nc6 8. Nge2
O-O 9. O-O a6 10. a3 b5 11. b4 Bb7 12. Nf4 e6 13. Bd2 Rc8 14. Qb3 Nd7 15. Ra2
Nb6 16. Nd3 Nc4 17. Nc5 Qe7 18. Rc1 Ra8 19. Be1 Rfc8 20. a4 Bh6 21. Rca1 Nxe3
22. fxe3 Bxe3+ 23. Kh1 Nxd4 24. Qd1 Bc6 25. Bf2 Nf5 26. Qd3 Bxf2 27. Rxf2 Rcb8
28. axb5 axb5 29. Rxa8 Rxa8 30. Nxb5 Rb8 31. Nd4 Nxd4 32. Qxd4 e5 33. Qd2 e4
34. Qd4 f5 35. Rc2 Qd6 36. Na6 Ra8 37. Qb6 Rc8 38. b5 Qa3 39. Rxc6 Rxc6 40.
bxc6 Qa1+ 41. Qg1 Qxa6 42. c7 Qc6 43. Bxe4 dxe4 44. Qa7 e3+ 45. Kg1 Qc1+ 46.
Kg2 e2 47. Qa2+ Kg7 48. Qxe2 1/2-1/2

[Event "15. Obert Int. Sant Martí 2013 - B"]
[Site "Barcelona ESP"]
[Date "2013.07.17"]
[Round "5.20"]
[White "Argemi Camp, Jaume"]
[Black "Pascual Gonzalez-Novelles, Carles"]
[Result "0-1"]
[WhiteElo "1639"]
[BlackElo "1873"]
[PlyCount "150"]
[EventDate "2013.07.13"]
[EventType "swiss"]
[EventRounds "9"]
[EventCountry "ESP"]
[SourceTitle "Ajedrez en Madrid"]
[Source "lmi"]
[SourceDate "2013.07.13"]
[SourceVersion "1"]
[SourceVersionDate "2019.06.21"]
[SourceQuality "1"]

1. e4 e6 2. g3 d5 3. exd5 exd5 4. Bg2 Nf6 5. Nf3 Bf5 6. O-O Be7 7. d3 O-O 8.
Nbd2 c5 9. a4 Nc6 10. Nh4 Bg4 11. Nhf3 Re8 12. c3 Qd7 13. Qb3 Rac8 14. Qc2 h6
15. Qb3 b6 16. d4 c4 17. Qc2 Bf5 18. Qd1 Bd3 19. Re1 Bd6 20. Nf1 Rxe1 21. Qxe1
Re8 22. Be3 Ne4 23. Qd1 Nf6 24. Ne1 Be4 25. Nf3 Na5 26. Ne5 Bxe5 27. dxe5 Bxg2
28. Kxg2 Rxe5 29. Bd4 Re6 30. Be3 Nb3 31. Ra2 Re5 32. Bf4 Rh5 33. Qf3 Qh3+ 34.
Kg1 Rf5 35. Qg2 Qg4 36. Ne3 Qg6 37. Nxf5 Qxf5 38. Qf1 Qc2 39. Be5 Ne4 40. Kg2
Ned2 41. Qe1 Qd3 42. Bf4 Qf3+ 43. Kg1 h5 44. Bxd2 h4 45. Be3 h3 46. Qf1 Qe4 47.
a5 b5 48. Ra3 g5 49. Qxh3 Qb1+ 50. Kg2 Qe4+ 51. Kg1 Qb1+ 52. Qf1 Qxb2 53. Bc5
Nxc5 54. Qa1 Qe2 55. Ra2 Qf3 56. Qe1 Ne4 57. Rc2 a6 58. Qe2 Qxe2 59. Rxe2 Nxc3
60. Re8+ Kg7 61. Ra8 b4 62. Rxa6 b3 63. Rb6 Na4 64. Rb5 b2 65. a6 c3 66. a7 c2
67. a8=Q b1=Q+ 68. Rxb1 cxb1=Q+ 69. Kg2 Qe4+ 70. Kg1 Nc3 71. Qa1 d4 72. h3 Qf3
73. Qa5 Ne2+ 74. Kf1 Nxg3+ 75. Kg1 Qh1# 0-1

[Event "15. Obert Int. Sant Martí 2013 - B"]
[Site "Barcelona ESP"]
[Date "2013.07.17"]
[Round "5.22"]
[White "De La Fuente Clemente, Constantino"]
[Black "Tadevosyan, Galust"]
[Result "0-1"]
[WhiteElo "1850"]
[BlackElo "1732"]
[PlyCount "52"]
[EventDate "2013.07.13"]
[EventType "swiss"]
[EventRounds "9"]
[EventCountry "ESP"]
[SourceTitle "Ajedrez en Madrid"]
[Source "lmi"]
[SourceDate "2013.07.13"]
[SourceVersion "1"]
[SourceVersionDate "2019.06.21"]
[SourceQuality "1"]

1. e4 c5 2. Nf3 d6 3. d4 cxd4 4. Nxd4 Nf6 5. Nc3 g6 6. Be3 Bg7 7. Qd2 Ng4 8.
O-O-O Nxe3 9. Qxe3 Nc6 10. Bb5 Bd7 11. Nf3 Qa5 12. e5 Nxe5 13. Nxe5 Bxb5 14.
Rxd6 Bc6 15. Nc4 Qb4 16. Qe2 O-O 17. a3 Qc5 18. Rxc6 bxc6 19. Na4 Qg5+ 20. Ne3
Rab8 21. b3 Rfd8 22. Kb1 Qe5 23. Ka2 Rd4 24. Rb1 Rxa4 25. f4 Qc3 26. Nd1 Rxa3+
0-1

[Event "15. Obert Int. Sant Martí 2013 - B"]
[Site "Barcelona ESP"]
[Date "2013.07.17"]
[Round "5.23"]
[White "Martinez Hernandez, Emili"]
[Black "Fernandez Martin, Javier"]
[Result "1/2-1/2"]
[WhiteElo "1756"]
[BlackElo "1962"]
[PlyCount "45"]
[EventDate "2013.07.13"]
[EventType "swiss"]
[EventRounds "9"]
[EventCountry "ESP"]
[SourceTitle "Ajedrez en Madrid"]
[Source "lmi"]
[SourceDate "2013.07.13"]
[SourceVersion "1"]
[SourceVersionDate "2019.06.21"]
[SourceQuality "1"]

1. d4 Nf6 2. Nc3 d5 3. Bg5 Bf5 4. Bxf6 exf6 5. e3 Bb4 6. Bd3 Qd7 7. Nge2 O-O 8.
O-O Re8 9. a3 Bd6 10. Nb5 Bxd3 11. Qxd3 Be7 12. c4 c6 13. Nbc3 dxc4 14. Qxc4 f5
15. Nf4 Bd6 16. Nd3 Qc7 17. g3 Nd7 18. Rac1 Nf6 19. Nb5 Qe7 20. Nxd6 Qxd6 21.
Ne5 Qe6 22. Qxe6 Rxe6 23. Nd3 1/2-1/2

[Event "15. Obert Int. Sant Martí 2013 - B"]
[Site "Barcelona ESP"]
[Date "2013.07.17"]
[Round "5.24"]
[White "Torras Chicon, Adria"]
[Black "Molano Lafuente, Ismael"]
[Result "0-1"]
[WhiteElo "1753"]
[BlackElo "1943"]
[PlyCount "80"]
[EventDate "2013.07.13"]
[EventType "swiss"]
[EventRounds "9"]
[EventCountry "ESP"]
[SourceTitle "Ajedrez en Madrid"]
[Source "lmi"]
[SourceDate "2013.07.13"]
[SourceVersion "1"]
[SourceVersionDate "2019.06.21"]
[SourceQuality "1"]

1. d4 d5 2. Nf3 Nc6 3. c4 Bg4 4. e3 e6 5. h3 Bxf3 6. Qxf3 Nf6 7. Nc3 Bb4 8. Bd2
Bxc3 9. Bxc3 Ne4 10. Bd3 Nxc3 11. bxc3 O-O 12. h4 dxc4 13. Bc2 Qd5 14. e4 Qa5
15. O-O e5 16. d5 Ne7 17. h5 Rad8 18. Qg3 f6 19. f4 exf4 20. Rxf4 Qb6+ 21. Rf2
Qd6 22. Qg4 Qe5 23. Raf1 c6 24. Bb1 b5 25. a3 cxd5 26. exd5 Nxd5 27. Re2 Qg5
28. Qe6+ Kh8 29. Qe4 f5 30. Qe5 Qf6 31. Qg3 Nxc3 32. Ref2 Nxb1 33. Rxf5 Qd4+
34. Kh1 Rxf5 35. Rxf5 Nd2 36. h6 Ne4 37. hxg7+ Qxg7 38. Qf3 Ng3+ 39. Kg1 Nxf5
40. Qxf5 Rg8 0-1

[Event "15. Obert Int. Sant Martí 2013 - B"]
[Site "Barcelona ESP"]
[Date "2013.07.17"]
[Round "5.25"]
[White "Gomez Guinovart, Josep Manel"]
[Black "Casset Bello, Elena"]
[Result "0-1"]
[WhiteElo "1670"]
[BlackElo "1908"]
[PlyCount "78"]
[EventDate "2013.07.13"]
[EventType "swiss"]
[EventRounds "9"]
[EventCountry "ESP"]
[SourceTitle "Ajedrez en Madrid"]
[Source "lmi"]
[SourceDate "2013.07.13"]
[SourceVersion "1"]
[SourceVersionDate "2019.06.21"]
[SourceQuality "1"]

1. d4 d5 2. c4 e6 3. Nc3 Nf6 4. Bf4 Be7 5. e3 O-O 6. Nf3 Nbd7 7. Bd3 dxc4 8.
Bxc4 Nb6 9. Bd3 Nbd5 10. Bg3 c5 11. Rc1 cxd4 12. Nxd4 Bb4 13. Nde2 Nxc3 14.
Nxc3 Qe7 15. O-O Bd7 16. Bh4 Bxc3 17. Rxc3 Bc6 18. Bxf6 Qxf6 19. Qh5 g6 20. Qg4
Qe7 21. Bc4 Rad8 22. Rd1 h5 23. Qe2 Qg5 24. f3 h4 25. Rcd3 Rxd3 26. Rxd3 h3 27.
g3 e5 28. e4 Rc8 29. Rc3 Rd8 30. Rd3 Qc1+ 31. Kf2 Rxd3 32. Bxd3 Qh1 33. Ke3
Qg1+ 34. Qf2 Qd1 35. Qd2 Qa4 36. Qc3 Qxa2 37. Qxe5 Qa1 38. Qf6 Qe1+ 39. Kf4
Qd2+ 0-1

[Event "15. Obert Int. Sant Martí 2013 - B"]
[Site "Barcelona ESP"]
[Date "2013.07.17"]
[Round "5.26"]
[White "Palomero Galvez, Antonio"]
[Black "Colom Andres, Xavier"]
[Result "0-1"]
[WhiteElo "1625"]
[BlackElo "1876"]
[PlyCount "62"]
[EventDate "2013.07.13"]
[EventType "swiss"]
[EventRounds "9"]
[EventCountry "ESP"]
[SourceTitle "Ajedrez en Madrid"]
[Source "lmi"]
[SourceDate "2013.07.13"]
[SourceVersion "1"]
[SourceVersionDate "2019.06.21"]
[SourceQuality "1"]

1. d4 d5 2. Nf3 Nf6 3. c4 c6 4. Nc3 a6 5. cxd5 cxd5 6. Bf4 Bf5 7. e3 e6 8. Bd3
Bxd3 9. Qxd3 Nc6 10. a3 Be7 11. O-O Nh5 12. Ne2 Nxf4 13. exf4 O-O 14. f5 exf5
15. Qxf5 g6 16. Qh3 Bf6 17. Rfe1 Qb6 18. Nf4 Rad8 19. Qg4 Nxd4 20. Nxd4 Qxd4
21. Nh5 Bh8 22. Qg3 Rfe8 23. Qg5 Qxb2 24. Rab1 Qc3 25. Rec1 Qe5 26. Qxe5 Rxe5
27. Ng3 b5 28. Rc6 d4 29. Rxa6 d3 30. Kf1 d2 31. Rd1 Rde8 0-1

[Event "15. Obert Int. Sant Martí 2013 - B"]
[Site "Barcelona ESP"]
[Date "2013.07.17"]
[Round "5.27"]
[White "Gisbert Mir, Alejandro"]
[Black "Santiago Llanes, Jose Juan"]
[Result "1/2-1/2"]
[WhiteElo "1852"]
[BlackElo "1741"]
[PlyCount "58"]
[EventDate "2013.07.13"]
[EventType "swiss"]
[EventRounds "9"]
[EventCountry "ESP"]
[SourceTitle "Ajedrez en Madrid"]
[Source "lmi"]
[SourceDate "2013.07.13"]
[SourceVersion "1"]
[SourceVersionDate "2019.06.21"]
[SourceQuality "1"]

1. d4 d5 2. c4 c6 3. Nf3 Nf6 4. Nc3 dxc4 5. a4 Bf5 6. e3 e6 7. Bxc4 Bb4 8. O-O
O-O 9. Qe2 Bg6 10. Ne5 Nbd7 11. Nxg6 hxg6 12. e4 Nb6 13. Na2 Be7 14. e5 Nfd5
15. Bxd5 Nxd5 16. Nc3 Qd7 17. Ne4 Rac8 18. Bg5 Bxg5 19. Nxg5 Ne7 20. Rfd1 Nf5
21. Qg4 Rfd8 22. Ne4 Qe7 23. Ra3 Rc7 24. Rad3 b6 25. R1d2 Rcd7 26. Qd1 Qb4 27.
g4 Nxd4 28. Nd6 c5 29. b3 Rf8 1/2-1/2

[Event "15. Obert Int. Sant Martí 2013 - B"]
[Site "Barcelona ESP"]
[Date "2013.07.17"]
[Round "5.28"]
[White "Baum, Jonasz"]
[Black "Minos Constante, Pablo"]
[Result "1/2-1/2"]
[WhiteElo "1512"]
[BlackElo "1850"]
[PlyCount "83"]
[EventDate "2013.07.13"]
[EventType "swiss"]
[EventRounds "9"]
[EventCountry "ESP"]
[SourceTitle "Ajedrez en Madrid"]
[Source "lmi"]
[SourceDate "2013.07.13"]
[SourceVersion "1"]
[SourceVersionDate "2019.06.21"]
[SourceQuality "1"]

1. e4 c5 2. Nf3 Nc6 3. d4 cxd4 4. Nxd4 Nf6 5. Nc3 e5 6. Ndb5 d6 7. Bg5 a6 8.
Na3 b5 9. Nd5 Be7 10. Bxf6 Bxf6 11. c3 O-O 12. Nc2 Rb8 13. Be2 Bg5 14. O-O Be6
15. Nce3 Bxe3 16. Nxe3 Ne7 17. Bg4 Qd7 18. Qf3 Bxg4 19. Qxg4 Qxg4 20. Nxg4 f5
21. exf5 Nxf5 22. Rad1 b4 23. Ne3 bxc3 24. bxc3 Rb2 25. Nxf5 Rxf5 26. Rxd6 Rxa2
27. c4 e4 28. Re6 a5 29. Rxe4 a4 30. Ree1 Rc5 31. Rc1 Rb2 32. Rc3 Kf7 33. g3
Rb4 34. Rfc1 Ke6 35. Re3+ Kf5 36. Rf3+ Ke4 37. Rf4+ Kd3 38. Rf3+ Kd2 39. Rcc3
Rbxc4 40. Rfd3+ Ke2 41. Re3+ Kd2 42. Red3+ 1/2-1/2

[Event "15. Obert Int. Sant Martí 2013 - B"]
[Site "Barcelona ESP"]
[Date "2013.07.17"]
[Round "5.29"]
[White "Serra Vilaro, Agustin"]
[Black "Riu Lopez, Daniel"]
[Result "0-1"]
[WhiteElo "1849"]
[BlackElo "1691"]
[PlyCount "96"]
[EventDate "2013.07.13"]
[EventType "swiss"]
[EventRounds "9"]
[EventCountry "ESP"]
[SourceTitle "Ajedrez en Madrid"]
[Source "lmi"]
[SourceDate "2013.07.13"]
[SourceVersion "1"]
[SourceVersionDate "2019.06.21"]
[SourceQuality "1"]

1. d4 d5 2. c3 Nf6 3. Nd2 e6 4. e3 c5 5. Bd3 Nc6 6. f4 Bd6 7. Qf3 cxd4 8. exd4
Qc7 9. Nh3 O-O 10. O-O h6 11. Rf2 Nh7 12. g4 f6 13. Nf1 Ne7 14. Be3 Bd7 15. Ng3
e5 16. Bc2 e4 17. Qe2 f5 18. gxf5 Nxf5 19. Nxf5 Bxf5 20. Kg2 Bxh3+ 21. Kxh3
Bxf4 22. Raf1 Ng5+ 23. Kg2 Nf3 24. Kh1 Bxh2 25. Rxh2 Qxh2+ 26. Qxh2 Nxh2 27.
Rxf8+ Rxf8 28. Kxh2 Rf3 29. Bg1 g5 30. Bb3 Rf5 31. Kg2 h5 32. c4 dxc4 33. Bxc4+
Kf8 34. d5 b6 35. Bd4 Ke7 36. a4 Kd6 37. b4 h4 38. a5 bxa5 39. bxa5 Rf7 40. a6
g4 41. Be3 h3+ 42. Kh2 Rf3 43. Bxa7 Rc3 44. Bb8+ Kd7 45. Bb5+ Kd8 46. a7 Ra3
47. Bc6 Ra2+ 48. Kg3 h2 0-1

[Event "15. Obert Int. Sant Martí 2013 - B"]
[Site "Barcelona ESP"]
[Date "2013.07.17"]
[Round "5.30"]
[White "Monteagudo Aguilera, Maximo"]
[Black "Cano Sevila, Ivan"]
[Result "1/2-1/2"]
[WhiteElo "1779"]
[BlackElo "1672"]
[PlyCount "100"]
[EventDate "2013.07.13"]
[EventType "swiss"]
[EventRounds "9"]
[EventCountry "ESP"]
[SourceTitle "Ajedrez en Madrid"]
[Source "lmi"]
[SourceDate "2013.07.13"]
[SourceVersion "1"]
[SourceVersionDate "2019.06.21"]
[SourceQuality "1"]

1. e4 d5 2. exd5 Qxd5 3. Nc3 Qd8 4. d4 Nf6 5. Bc4 c6 6. Nf3 Bf5 7. O-O e6 8.
Bg5 h6 9. Be3 Bd6 10. h3 Nbd7 11. Qd2 Qc7 12. Ne2 Ne4 13. Qc1 g5 14. Ne5 Nxe5
15. dxe5 Bxe5 16. f4 gxf4 17. Bxf4 O-O-O 18. Bd3 Rhg8 19. Qe3 Bxf4 20. Rxf4 Nd6
21. Qxa7 Bxh3 22. Rf2 Bf5 23. Rd1 Bxd3 24. Rxd3 Nf5 25. Nf4 Rxd3 26. Qa8+ Qb8
27. Qxb8+ Kxb8 28. Nxd3 Kc7 29. Kf1 b6 30. Ke1 Rg7 31. Ne5 f6 32. g4 fxe5 33.
gxf5 exf5 34. Rxf5 Rg5 35. Rf6 h5 36. Rh6 Kd7 37. Ke2 Rg2+ 38. Kd3 Rh2 39. b4
h4 40. a4 h3 41. a5 bxa5 42. bxa5 Rh1 43. a6 Kc7 44. a7 Kb7 45. Rh7+ Ka8 46.
Kc4 e4 47. Kc5 e3 48. Kb6 Rb1+ 49. Ka6 Ra1+ 50. Kb6 Rb1+ 1/2-1/2

[Event "15. Obert Int. Sant Martí 2013 - B"]
[Site "Barcelona ESP"]
[Date "2013.07.17"]
[Round "5.31"]
[White "Pujal Moncho, Joaquim"]
[Black "Llados Clos, Jaume"]
[Result "0-1"]
[WhiteElo "1768"]
[BlackElo "1568"]
[PlyCount "36"]
[EventDate "2013.07.13"]
[EventType "swiss"]
[EventRounds "9"]
[EventCountry "ESP"]
[SourceTitle "Ajedrez en Madrid"]
[Source "lmi"]
[SourceDate "2013.07.13"]
[SourceVersion "1"]
[SourceVersionDate "2019.06.21"]
[SourceQuality "1"]

1. d4 d5 2. c4 e6 3. Nc3 Nf6 4. e3 c6 5. Nf3 Bd6 6. c5 Bc7 7. Bd3 Nbd7 8. O-O
O-O 9. b4 e5 10. dxe5 Nxe5 11. Be2 Nfg4 12. h3 Nxf3+ 13. Bxf3 Ne5 14. e4 Nxf3+
15. Qxf3 dxe4 16. Nxe4 Qd4 17. Bf4 Bxf4 18. Qxf4 f5 0-1

[Event "15. Obert Int. Sant Martí 2013 - B"]
[Site "Barcelona ESP"]
[Date "2013.07.17"]
[Round "5.32"]
[White "Jimenez Martinez, Javier"]
[Black "Alvarez Albiol, Victor"]
[Result "1-0"]
[WhiteElo "1943"]
[BlackElo "1546"]
[PlyCount "113"]
[EventDate "2013.07.13"]
[EventType "swiss"]
[EventRounds "9"]
[EventCountry "ESP"]
[SourceTitle "Ajedrez en Madrid"]
[Source "lmi"]
[SourceDate "2013.07.13"]
[SourceVersion "1"]
[SourceVersionDate "2019.06.21"]
[SourceQuality "1"]

1. Nf3 d5 2. g3 Nf6 3. Bg2 e6 4. O-O c5 5. d3 Nc6 6. Nbd2 Bd6 7. e4 O-O 8. Qe2
e5 9. c3 Re8 10. Nh4 d4 11. c4 Bg4 12. f3 Bh5 13. Nf5 Nb4 14. a3 Nc2 15. Rb1 h6
16. Nb3 Ne3 17. Nxe3 dxe3 18. Bxe3 b6 19. Nc1 a5 20. Na2 Nd7 21. Bh3 Nb8 22.
Nc3 Nc6 23. Nb5 Nd4 24. Nxd4 cxd4 25. Bd2 Be7 26. Qg2 Bf6 27. Bf5 Bg6 28. Qh3
Bxf5 29. Qxf5 Qe7 30. Qg4 Kh8 31. f4 exf4 32. gxf4 g6 33. Rf3 Qe6 34. f5 gxf5
35. Qxf5 Qxf5 36. Rxf5 Rg8+ 37. Kh1 Rg6 38. Rbf1 Be7 39. Rxf7 Re8 40. Rg1 Rxg1+
41. Kxg1 Rg8+ 42. Kf1 Rf8 43. Rxf8+ Bxf8 44. Bf4 a4 45. Be5+ Bg7 46. Bc7 Kg8
47. Bxb6 Be5 48. Kg2 Kf7 49. h3 Ke6 50. Kf3 h5 51. Ba5 Kd7 52. Bd2 Kc6 53. Bf4
Bf6 54. e5 Be7 55. Ke4 Kc5 56. Bg3 Kc6 57. Kxd4 1-0

[Event "15. Obert Int. Sant Martí 2013 - B"]
[Site "Barcelona ESP"]
[Date "2013.07.17"]
[Round "5.33"]
[White "Beaskoa Estany, Gabriel"]
[Black "Sanchez Paz, Josep"]
[Result "1-0"]
[WhiteElo "1930"]
[BlackElo "1710"]
[PlyCount "47"]
[EventDate "2013.07.13"]
[EventType "swiss"]
[EventRounds "9"]
[EventCountry "ESP"]
[SourceTitle "Ajedrez en Madrid"]
[Source "lmi"]
[SourceDate "2013.07.13"]
[SourceVersion "1"]
[SourceVersionDate "2019.06.21"]
[SourceQuality "1"]

1. e4 c5 2. Nf3 Nc6 3. d4 cxd4 4. Nxd4 Nf6 5. Nc3 e5 6. Ndb5 d6 7. Bg5 a6 8.
Na3 b5 9. Bxf6 gxf6 10. Nd5 f5 11. Bd3 f4 12. c3 Rg8 13. g3 Bg4 14. Be2 Bh3 15.
Qd3 Bh6 16. Nc2 Na5 17. b3 Rc8 18. Ncb4 Nb7 19. Nxa6 Nc5 20. Qxb5+ Kf8 21. Nxc5
Rxc5 22. Qd3 f5 23. Rg1 Qg5 24. Nxf4 1-0